000 00555cam a2200217ua 4500
001 12278
003 OSt
005 20220606103338.0
008 211209b ||||| |||| 00| 0 eng d
020 _a0-7493-9411-0
040 _aJVBI_341306
_c
_dINFLIBNET Centre
041 _aeng
084 _a823
_bDES
245 _aIn custody
_cAnita Desai
_hPaper
_kTextual Document
260 _aLondon
_bVintage Random House
_c1999
300 _a225p
_c20x13cm
365 _aGBP 6.99
_ePB
650 _aEnglish Fiction
700 _aDesai, Anita
942 _2ddc
_cBK
999 _c28543
_d28543